The draft Disability Discrimination Bill (Record no. 74325)

MARC details
000 -LEADER
fixed length control field 01060cab a2200229 4500
001 - CONTROL NUMBER
control field ABS67645
008 - FIXED-LENGTH DATA ELEMENTS--GENERAL INFORMATION
fixed length control field 040330n2004 000 0 eng u
035 ## - SYSTEM CONTROL NUMBER
System control number (Sirsi) u125673
100 ## - MAIN ENTRY--PERSONAL NAME
Personal name Williams, P.
245 #4 - TITLE STATEMENT
Title The draft Disability Discrimination Bill
260 ## - PUBLICATION, DISTRIBUTION, ETC.
Date of publication, distribution, etc. 2004
490 ## - SERIES STATEMENT
Series statement Access by Design
Volume/sequential designation (98) Spring 2004, 7-10(3)
520 ## - SUMMARY, ETC.
Summary, etc. Considers the draft Disability Discrimination Bill, which was published in December 2003. The changes it proposes seem likely to come into effect in two years time. Reviews the changes which it will, if enacted, bring about and looks at two of the specific issues that it addresses; the letting of premises and private clubs.
590 ## - LOCAL NOTE (RLIN)
Local note ABS
650 ## - SUBJECT ADDED ENTRY--TOPICAL TERM
Topical term or geographic name entry element DISABILITY DISCRIMINATION BILL 2003
650 ## - SUBJECT ADDED ENTRY--TOPICAL TERM
Topical term or geographic name entry element LETTINGS
650 ## - SUBJECT ADDED ENTRY--TOPICAL TERM
Topical term or geographic name entry element PRIVATE MEMBERS' CLUBS
650 ## - SUBJECT ADDED ENTRY--TOPICAL TERM
Topical term or geographic name entry element MANAGEMENT-BUSINESS MANAGEMENT-DISCRIMINATION-DISABILITY DISCRIMINATION-ACCESSIBILITY
690 ## - LOCAL SUBJECT ADDED ENTRY--TOPICAL TERM (OCLC, RLIN)
Topical term or geographic name as entry element PROPERTY-RESIDENTIAL PROPERTY-RESIDENTIAL LANDLORD AND TENANT-RESIDENTIAL TENANCIES
700 ## - ADDED ENTRY--PERSONAL NAME
Personal name Cullingworth, R.
942 ## - ADDED ENTRY ELEMENTS (KOHA)
Suppress in OPAC 0
Holdings
Withdrawn status Lost status Source of classification or shelving scheme Damaged status Not for loan Home library Current library Shelving location Date acquired Total Checkouts Full call number Barcode Date last seen Copy number Price effective from Koha item type
    Dewey Decimal Classification     London London Journal article 30/03/2004   ABS67645 125673-1001 06/08/2019 1 06/08/2019 Journal article